Performance of budgrafts and seedlings of Hevea brasiliensis in lateritic zone of Konkan (Maharashtra) (Record no. 64701)

MARC details
000 -LEADER
fixed length control field 00507nam a2200181Ia 4500
100 ## - MAIN ENTRY--AUTHOR NAME
Personal name Birari S P
245 #0 - TITLE STATEMENT
Title Performance of budgrafts and seedlings of Hevea brasiliensis in lateritic zone of Konkan (Maharashtra)
260 ## - PUBLICATION, DISTRIBUTION, ETC. (IMPRINT)
Name of publisher Rubber Board Bulletin
Year of publication 1998
300 ## - PHYSICAL DESCRIPTION
Number of Pages 31-34
650 ## - SUBJECT ADDED ENTRY--TOPICAL TERM
Topical Term Budgrafts
650 ## - SUBJECT ADDED ENTRY--TOPICAL TERM
Topical Term Hevea brasiliensis
650 ## - SUBJECT ADDED ENTRY--TOPICAL TERM
Topical Term Seedlings
700 ## - ADDED ENTRY--PERSONAL NAME
Personal name Bhave S G
700 ## - ADDED ENTRY--PERSONAL NAME
Personal name Shinde A K
700 ## - ADDED ENTRY--PERSONAL NAME
Personal name Thaware B L
942 ## - ADDED ENTRY ELEMENTS (KOHA)
Koha item type Journals
Holdings
Withdrawn status Lost status Damaged status Not for loan Home library Current library Shelving location Date acquired Serial Enumeration / chronology Koha item type
      Journals RRII Library RRII Library Botany 17/12/2021 Volume 27, Issue 3 Journals